Ukraine on the Background of Global Innovation Processes

Globálne trendy a problémy inovačnej činnosti národného hospodárstva na Ukrajine. Silné a slabé stránky inovačných procesov v krajine a možné spôsoby jej riešenia.

Gespeichert in:
Bibliographische Detailangaben
1. Verfasser: Jurkovičová, Lujza
Weitere Verfasser: Kubiniy, Natalya, Popovych, Stanislav
Format: Buchkapitel
Sprache:Englisch
Schlagworte:
Tags: Tag hinzufügen
Keine Tags, Fügen Sie das erste Tag hinzu!

MARC

LEADER 00000nla a2200000 4500
001 0180279
005 20240502073052.9
041 0 |a eng 
044 |a SK 
245 1 0 |a Ukraine on the Background of Global Innovation Processes  |c Lujza Jurkovičová, Natalya Kubiniy, Stanislav Popovych 
520 |a Globálne trendy a problémy inovačnej činnosti národného hospodárstva na Ukrajine. Silné a slabé stránky inovačných procesov v krajine a možné spôsoby jej riešenia. 
610 2 0 |a podnikanie 
610 2 0 |a politika podnikania 
610 2 0 |a prostredie podnikateľské 
610 2 0 |a inovácia 
610 2 0 |a stratégia inovačná 
610 2 0 |a bariéry inovačné 
610 2 0 |a Ukrajina 
100 1 |a Jurkovičová, Lujza 
700 1 |a Kubiniy, Natalya 
700 1 |a Popovych, Stanislav